E-business and workplace redesign

Bibliographic Details
Other Authors: Jackson, Paul, Soumi, Riema
Format: Book
Published: New York : Rontledge , 2001
Subjects:

MARC

LEADER 00000cam a2200000 7i4500
001 0000010342
005 20050504.0
020 |a 0415248884 
040 |a INS 
090 0 0 |a HF5548.32.   |b .E1885 2001 
245 1 0 |a E-business and workplace redesign   |c edited by Paul Jackson and Riema Soumi 
260 |a New York :   |b Rontledge ,   |c 2001 
300 |a xviii, 208 p. ;   |c 24 cm. 
500 |a Includes bibliographical references (p. 169 - 171) and index 
650 0 0 |a Electronic commerce teleworking 
650 0 0 |a Industrial organization. 
650 0 0 |a Information technology   |x Management 
700 1 |a Jackson, Paul 
700 1 |a Soumi, Riema 
999 |a 0000009278   |b BOOK   |c Open Shelf   |e Default branch 
999 |a 0000013022   |b BOOK   |c Open Shelf   |e Default branch 
999 |a 0000013023   |b BOOK   |c Open Shelf   |e Default branch